| 000 | 01052nam a2200241 i 4500 | ||
|---|---|---|---|
| 001 | 45307 | ||
| 003 | ES-MaACL | ||
| 005 | 20250829060225.0 | ||
| 007 | t| | ||
| 008 | 030325s1956 sp ||||1| spa d | ||
| 100 | 1 |
_aColón, Cristóbal. _939869 |
|
| 240 | 1 | 3 | _aLa carta sobre el descubrimiento |
| 245 | 1 | 3 |
_aLa carta de Colón anunciando el descubrimiento del Nuevo Mundo, 15 febrero-14 marzo 1493 : _breproducción del texto original español, impreso en Barcelona (Pedro Posa, 1493), transcripción y reconstitución del mismo con notas críticas, historia del impreso y de su influencia en la historia universal. |
| 260 |
_aMadrid : _b[s.n.], _c1956 ( _fTall. Hauser y Menet) |
||
| 300 |
_a53 p. : _bil. ; _c35 cm. |
||
| 594 | _aAutor de la ed.: Carlos Sanz (p. [3]) | ||
| 651 | 4 |
_aAmérica- _xDescubrimientos y exploraciones- _xEspañoles- _vFuentes. _9162837 |
|
| 700 | 1 |
_aSanz, Carlos, _d1903-1979 _9103566 |
|
| 710 | 2 |
_aHauser y Menet (Madrid) _94558 |
|
| 852 | 4 |
_aES-MaACL _jC-11148 |
|
| 852 | 4 |
_aES-MaACL _jGF-28 |
|
| 999 |
_c45307 _d45307 |
||